|
|
|
|
| LEADER |
00000cam a2200000 7i4500 |
| 001 |
0000002006 |
| 002 |
000002189 |
| 005 |
20000330.0 |
| 020 |
|
|
|a 1560240016
|
| 090 |
0 |
0 |
|a 025.216
|b WEE
|
| 245 |
0 |
0 |
|a Weeding and maintenance of reference collections
|c edited by J.Pierce
|
| 260 |
|
|
|a New York :
|b The Haworth Press ,
|c 1990
|
| 300 |
|
|
|a 173p ;
|c 22 cm.
|
| 650 |
0 |
0 |
|a Reference services (Libraries)
|x Libraries
|x Special collections
|x Reference books
|x Reference books
|x Bibliography
|x Methodology
|x Collection development (Libraries)
|
| 700 |
1 |
|
|a Pierce ,
|c Sydney J.
|
| 999 |
|
|
|a 033765
|b BUKU
|c RUJUKAN
|e PERPUSTAKAAN KOMUNITI PETALING JAYA
|